00541nam a22001697a 4500003000400000008004100004082002000045100002400065245016600089260003200255300001000287502001600297650001700313650001900330650001100349650001100360OSt260429b |||||||| |||| 00| 0 eng d a635.34897bS48E aSingh, Vijay Kumar. aEffect on Biofertilizers and Inorganic Fertilizers on Growth, Yield and Quality of Hybrid Cabbage (Brassica oleracea var. capitata Linn.) /cby Vijay Kumar Singh aPusa, SamastipurbRAUc2008 a146p. bPh.D.d2008 aHorticulture aHybrid Cabbage aThesis aPh. D.